000 01057nmm a2200277 a 4500
001 ocm000700748
003 TR-IsHL
005 20201028135328.0
008 131209s1995 tu tur
007 cr cn
035 _a700748
_b(N$T)
050 0 4 _aLB2351
_b.R34 1995
090 0 4 _aLB2351
_b.R34 1995
100 1 _aRahimov, Rahim
245 1 0 _aTürk Dünyası işletme fakültesi: lisans öğretim imtihan ve disiplin talimatnamesi
_h[electronic resource] /
_cRahim Rahimov
260 _aİstanbul :
_bTürk Dünyası Araştırmaları Vakfı Yayınları,
_c1995
300 _a224 p.
650 4 _aEğitim
650 4 _aEducation
650 0 _aÜniversite ve yüksekokullar
_x Sınav yönergesi
650 0 _aUniversities and colleges
_x Examinations directive
650 0 _aÜniversite ve yüksekokullar
_x Disiplin yönergesi
650 0 _aUniversities and colleges
_x Discipline directive
650 7 _aEDUCATION / Higher
_2bisacsh
856 4 0 _uhttp://search.ebscohost.com/login.aspx?direct=true&scope=site&db=e011xww&AN=700748
999 _c6682
_d6682